| 000 | 00557nam a22001937a 4500 | ||
|---|---|---|---|
| 003 | KOHA_MİRAKIL | ||
| 005 | 20251224171446.0 | ||
| 008 | 251224b tu ||||| |||| 00| 0 tur d | ||
| 020 | _a9786259954134 | ||
| 040 |
_aTR-AnABB _btur _cTR-AnABB |
||
| 041 | _atur | ||
| 082 |
_a153.6 _bDEM 2023 |
||
| 100 | 1 | _aDemirden, Ahmet, | |
| 245 | 1 | 0 |
_aInterpersonal conflict resolution strategies / _cAhmet Demirden |
| 260 |
_aAnkara : _bPolis Akademisi, _c2023 |
||
| 300 |
_a117 sayfa ; _c21 cm |
||
| 650 | 0 | 4 | _aKişilerarası çatışma |
| 942 |
_2ddc _cBK |
||
| 999 |
_c9983 _d9983 |
||
| 900 | _bGizem YORULMAZ | ||